000 00309nam a2200133Ia 4500
008 240624s9999 xx 000 0 und d
041 _aeng
082 _a828 ADA
100 _aADAMS JAD
245 _aGANDHI NAKED AMBITION
260 _c2010
_aLondon
_bQuercus
300 _a323 : p. : cm. ; 22
365 _cRS
999 _c27888
_d27888